| 000 | 00724nam a2200217 a 4500 | ||
|---|---|---|---|
| 003 | CBULib | ||
| 005 | 20240423111836.0 | ||
| 008 | 060407s2004 ||||||||||||||||| || u | ||
| 020 | _a9211168856 | ||
| 040 |
_aCBULib _bEng _cCBULib _dCBULib _erda |
||
| 050 | _aUN-ECE(02) | ||
| 110 | _aUnited Nations Economic Commission for Europe (UNECE) | ||
| 245 | 1 | 0 |
_aBovine meat carcases and cuts : UNECE standard _c/byWorking Party on Agricultural Quality Standards |
| 260 |
_aNew York : _bUNITED NATIONS _c2004 |
||
| 300 | _avi, 58pages : illustrations | ||
| 350 | _a0.00 | ||
| 650 | _aAGRICUTURE--ZAMBIA | ||
| 650 | _aMeat | ||
| 942 |
_2mc _c029 _n0 |
||
| 999 |
_c36076 _d36076 |
||